| 000 | 01208nam a2200217 a 4500 | ||
|---|---|---|---|
| 001 | 000665850 | ||
| 003 | AM-YeHGA | ||
| 005 | 20250617141747.0 | ||
| 008 | 090610s1972 ru |||||r|||||000|0|rus d | ||
| 040 | _aAM-YeHGA | ||
| 041 | 0 | _arus | |
| 245 | 0 | 0 |
_aДорожные машины : _b[каталог- справочник] / _cМ-во строительного, дорожного и коммунального машиностроения, ЦНИИТЭстроймаш. |
| 260 |
_aМосква : _bИзд-во ЦНИИТЭстроймаш, _c1972. |
||
| 300 | _a483 с. | ||
| 650 | 1 | 4 | _aМашиностроение |
| 653 | 2 | _aмашины для подготовительных работ | |
| 653 | 2 | _aавтогрейдер | |
| 710 | 2 | _aМинистерство строительного, дорожного и коммунального машиностроения | |
| 710 | 2 | _aЦентральный научно-исследовательский институт информации и технико-экономических исследований по строительному, дорожному и коммунальному машиностроению | |
| 090 | _c246350 | ||
| 999 |
_c244765 _d244765 |
||